[Event "XXIII Festival Magistrale"]
[Site "Robecchetto con Induno ITA"]
[Date "2012.12.29"]
[Round "5"]
[White "Santeramo, Domenico"]
[Black "Temi, Walter"]
[Result "1-0"]
[WhiteElo "2069"]
[BlackElo "2105"]
[PlyCount "51"]
[EventDate "2012.12.27"]

1. e4 e6 2. d4 d5 3. Nd2 Be7 4. Bd3 c5 5. dxc5 Nd7 6. exd5 exd5 7. Nb3 Nxc5 8.
Nxc5 Bxc5 9. Nf3 Ne7 10. O-O O-O 11. c3 Qd6 12. Re1 h6 13. Be3 Bg4 14. Bxc5
Qxc5 15. h3 Bh5 16. Re5 g5 17. g4 Bg6 18. Bxg6 fxg6 19. Qd3 Rf7 20. Rae1 Raf8
21. Nd4 Nc6 22. Qxg6+ Rg7 23. Qe6+ Rgf7 24. Qg6+ Rg7 25. Qxg7+ Kxg7 26. Ne6+
1-0

[Event "XXIII Festival Magistrale"]
[Site "Robecchetto con Induno ITA"]
[Date "2012.12.30"]
[Round "6"]
[White "Bardone, Lorenzo"]
[Black "Ranfagni, Stefano"]
[Result "1-0"]
[WhiteElo "1924"]
[BlackElo "2040"]
[PlyCount "91"]
[EventDate "2012.12.27"]

1. e4 e5 2. Nf3 Nf6 3. Nxe5 d6 4. Nf3 Nxe4 5. Nc3 Nxc3 6. dxc3 Be7 7. Be3 Be6
8. Qd2 Qd7 9. a3 Nc6 10. O-O-O a6 11. Bd3 O-O-O 12. Qe2 Nb8 13. Nd4 Bf6 14.
Nxe6 fxe6 15. g4 g6 16. h4 Qe7 17. g5 Bg7 18. h5 Nc6 19. hxg6 hxg6 20. Bxg6 Ne5
21. Bd3 d5 22. f4 Nxd3+ 23. Qxd3 c5 24. f5 Rxh1 25. Rxh1 exf5 26. Qxf5+ Kb8 27.
Bf4+ Ka8 28. Qd3 d4 29. c4 Qf7 30. Bd2 Rf8 31. Re1 Qf2 32. Qe2 Qf5 33. Qe4 Qf2
34. Qe7 Qf7 35. Qxf7 Rxf7 36. Re8+ Ka7 37. Kd1 b5 38. cxb5 axb5 39. g6 Rd7 40.
Bg5 d3 41. Re7 Rxe7 42. Bxe7 dxc2+ 43. Kxc2 c4 44. Bb4 Kb6 45. Bc3 Bf8 46. g7
1-0

[Event "XXIII Festival Magistrale"]
[Site "Robecchetto con Induno ITA"]
[Date "2012.12.30"]
[Round "6"]
[White "Barlocco, Carlo"]
[Black "Santeramo, Domenico"]
[Result "1-0"]
[WhiteElo "2077"]
[BlackElo "2069"]
[PlyCount "43"]
[EventDate "2012.12.27"]

1. d4 d5 2. c4 c6 3. Nf3 Nf6 4. Bf4 dxc4 5. e3 Nbd7 6. Bxc4 Nh5 7. Ng5 Qa5+ 8.
Nc3 Nxf4 9. Bxf7+ Kd8 10. exf4 Nf6 11. Bb3 Kc7 12. Qe2 b6 13. Qe5+ Qxe5+ 14.
fxe5 Nd7 15. O-O Ba6 16. Rfe1 g6 17. Rad1 h6 18. Ne6+ Kc8 19. d5 c5 20. d6 exd6
21. exd6 Rb8 22. Nc7 1-0

[Event "XXIII Festival Magistrale"]
[Site "Robecchetto con Induno ITA"]
[Date "2012.12.30"]
[Round "6"]
[White "Coppola, Federico"]
[Black "Corti, Corrado"]
[Result "1/2-1/2"]
[WhiteElo "1940"]
[BlackElo "1979"]
[PlyCount "91"]
[EventDate "2012.12.27"]

1. e4 e5 2. Nf3 d6 3. d4 exd4 4. Nxd4 Nf6 5. Nc3 Be7 6. Be2 O-O 7. O-O Bd7 8.
Be3 Nc6 9. Nb3 Qc8 10. f4 Bg4 11. Kh1 h5 12. Nd4 Bxe2 13. Nxc6 bxc6 14. Qxe2
Ng4 15. Bd4 Re8 16. Rae1 Bh4 17. g3 Bf6 18. Bxf6 Nxf6 19. Kg2 Qb7 20. b3 Qb4
21. Qf3 Re7 22. Re2 Rae8 23. Rfe1 Qc5 24. h3 g6 25. Na4 Qa5 26. Nc3 Kg7 27. Qd3
Qc5 28. Na4 Qa5 29. Nc3 Re6 30. Kf3 Kg8 31. Rh1 Nd7 32. g4 h4 33. g5 f5 34.
Rhe1 Nc5 35. Qd4 Nxe4 36. Nxe4 fxe4+ 37. Rxe4 Qf5 38. Rxe6 Qxh3+ 39. Kf2 Rxe6
40. Rxe6 Qxe6 41. Qxa7 Qe4 42. Qb8+ Kf7 43. Qxc7+ Ke6 44. Qc8+ Ke7 45. Qc7+ Ke6
46. Qc8+ 1/2-1/2

[Event "XXIII Festival Magistrale"]
[Site "Robecchetto con Induno ITA"]
[Date "2012.12.30"]
[Round "6"]
[White "Guidi, Maurizio"]
[Black "Petrone, Gianmario"]
[Result "1-0"]
[WhiteElo "2031"]
[BlackElo "1963"]
[PlyCount "111"]
[EventDate "2012.12.27"]

1. Nf3 Nf6 2. d4 g6 3. Nc3 d5 4. Bf4 Bg7 5. e3 O-O 6. Be2 c6 7. Ne5 Nbd7 8. h3
Nxe5 9. Bxe5 Nd7 10. Bxg7 Kxg7 11. e4 dxe4 12. Nxe4 Nf6 13. Nxf6 Qa5+ 14. c3
exf6 15. O-O Be6 16. Qc2 Bf5 17. Bd3 Bxd3 18. Qxd3 Rfe8 19. a3 Re7 20. Rfe1
Rae8 21. Rxe7 Rxe7 22. Rd1 Qd5 23. c4 Qe4 24. Qxe4 Rxe4 25. Kf1 Kf8 26. Rd3 c5
27. dxc5 Rxc4 28. Rb3 Rxc5 29. Rxb7 a5 30. Ke2 Rc2+ 31. Ke3 f5 32. g3 Kg7 33.
b3 a4 34. bxa4 Rc3+ 35. Kd4 Rxa3 36. Rb4 Ra2 37. Kc4 Rxf2 38. a5 f4 39. gxf4
Rxf4+ 40. Kb5 Rf3 41. a6 Ra3 42. Ra4 Rb3+ 43. Kc6 Rc3+ 44. Kb6 Rb3+ 45. Ka5 Rb8
46. a7 Ra8 47. Kb6 f5 48. Kb7 Rxa7+ 49. Rxa7 Kf6 50. Kc6 h6 51. Kd5 Kg5 52. Ke5
Kh4 53. Ra3 Kg5 54. Rg3+ Kh5 55. Kf4 Kh4 56. Rxg6 1-0

[Event "XXIII Festival Magistrale"]
[Site "Robecchetto con Induno ITA"]
[Date "2012.12.30"]
[Round "6"]
[White "Lucchese, Paolo"]
[Black "Bianchi, Alberto"]
[Result "1-0"]
[WhiteElo "1958"]
[BlackElo "1977"]
[PlyCount "91"]
[EventDate "2012.12.27"]

1. e4 e5 2. Nf3 Nc6 3. Bb5 a6 4. Ba4 Nf6 5. d3 Be7 6. O-O d6 7. c3 Bd7 8. Re1
O-O 9. Nbd2 Qc8 10. Nf1 Nd8 11. Bb3 c5 12. Ne3 b5 13. Bd2 Nc6 14. Bc2 a5 15. a4
bxa4 16. Bxa4 Nd8 17. Bxd7 Qxd7 18. Nc4 Qc7 19. b4 Nb7 20. b5 Nd7 21. Qb3 Nb6
22. Nxb6 Qxb6 23. Be3 Rfb8 24. Reb1 Nd8 25. Nd2 Nb7 26. Nc4 Qc7 27. Bd2 Bd8 28.
Ne3 Qd7 29. h3 c4 30. Qxc4 Nc5 31. Qd5 Ra7 32. c4 a4 33. Bb4 Bb6 34. Bxc5 Bxc5
35. Nc2 Kh8 36. Nb4 Rf8 37. Nc6 a3 38. Nxe5 Qb7 39. Nc6 Raa8 40. d4 Bb6 41. c5
dxc5 42. dxc5 Ba5 43. Rxa3 Rad8 44. Nxd8 Rxd8 45. b6 Qb8 46. Rxa5 1-0

[Event "XXIII Festival Magistrale"]
[Site "Robecchetto con Induno ITA"]
[Date "2012.12.30"]
[Round "6"]
[White "Marinone, Lucio"]
[Black "Morandi, Daniele"]
[Result "1-0"]
[WhiteElo "1977"]
[BlackElo "1929"]
[PlyCount "67"]
[EventDate "2012.12.27"]

1. c4 Nf6 2. Nc3 g6 3. g3 Bg7 4. Bg2 O-O 5. d3 d6 6. e4 e5 7. Nge2 Nc6 8. O-O
Bg4 9. h3 Be6 10. Kh2 h6 11. Be3 Kh7 12. f4 exf4 13. Nxf4 g5 14. Nxe6 fxe6 15.
d4 e5 16. d5 Ne7 17. Qe2 a6 18. b4 Qe8 19. Rab1 b6 20. c5 bxc5 21. bxc5 Qg6 22.
cxd6 cxd6 23. Rb6 Rfc8 24. Rc1 a5 25. Rxd6 Ng4+ 26. Qxg4 Qxd6 27. Nb5 Qd8 28.
Bc5 Ng6 29. d6 Bf8 30. Qe6 Qe8 31. Qxe8 Rxe8 32. Nc7 Rec8 33. Nxa8 Bxd6 34. Ba3
1-0

[Event "XXIII Festival Magistrale"]
[Site "Robecchetto con Induno ITA"]
[Date "2012.12.30"]
[Round "6"]
[White "Montilli, Vincenzo"]
[Black "Boschetti, Claudio"]
[Result "1-0"]
[WhiteElo "1909"]
[BlackElo "2138"]
[PlyCount "141"]
[EventDate "2012.12.27"]

1. d4 Nf6 2. c4 c5 3. d5 b5 4. cxb5 a6 5. b6 d6 6. Nc3 Nbd7 7. e4 g6 8. a4 Qxb6
9. a5 Qc7 10. Nf3 Bg7 11. Bd3 O-O 12. h3 e6 13. O-O exd5 14. exd5 c4 15. Be2
Bb7 16. Ra4 Rfe8 17. Bxc4 Nc5 18. Ra3 Nfe4 19. Nxe4 Nxe4 20. Ba2 Rab8 21. Re1
f5 22. Nd4 Qc5 23. Be3 Qb4 24. Re2 f4 25. Nc6 Qxa3 26. bxa3 Nc3 27. Qc2 Nxe2+
28. Qxe2 Rbc8 29. Qd3 fxe3 30. fxe3 Kh8 31. e4 Bxc6 32. dxc6 Rxc6 33. Bd5 Rc1+
34. Kf2 Rf8+ 35. Ke2 Rb8 36. e5 Bxe5 37. Qxa6 Rb2+ 38. Kd3 Rc3+ 39. Ke4 Kg7 40.
Qa7+ Kh6 41. Bg8 Re2+ 42. Kd5 Rd3+ 43. Kc6 Rc2+ 44. Kb5 Rc5+ 45. Kb6 Bg7 46.
Qe7 Rh5 47. g4 Bd4+ 48. Ka6 Rhxh3 49. Qxh7+ Kg5 50. Qe7+ Bf6 51. Qe1 Rhe3 52.
Qb4 Rd4 53. Qb5+ Re5 54. Qd7 Re7 55. Qc8 Rxg4 56. Be6 Rf4 57. Bd5 Re5 58. Bc6
Rff5 59. Qc7 Rc5 60. a4 d5 61. Qg3+ Kh5 62. Bd7 Bh4 63. Qh3 Rf4 64. Kb6 Rcc4
65. a6 Rf6+ 66. Kb7 g5 67. Qd3 Rb4+ 68. Bb5 Rf7+ 69. Kb8 Bf2 70. Qxd5 Kg6 71.
Qd6+ 1-0

[Event "XXIII Festival Magistrale"]
[Site "Robecchetto con Induno ITA"]
[Date "2012.12.30"]
[Round "6"]
[White "Siclari, Giovanni"]
[Black "Bargeri, Ludovico"]
[Result "1/2-1/2"]
[WhiteElo "2007"]
[BlackElo "2010"]
[PlyCount "125"]
[EventDate "2012.12.27"]

1. Nf3 e6 2. c4 d5 3. d4 c5 4. cxd5 exd5 5. Nc3 Nc6 6. g3 Nf6 7. Bg2 Be7 8. O-O
O-O 9. Bg5 c4 10. Ne5 Be6 11. Nxc6 bxc6 12. b3 Qa5 13. Qc2 h6 14. Bxf6 Bxf6 15.
e3 Rac8 16. bxc4 dxc4 17. Ne4 Be7 18. Nd2 Qa6 19. Rfd1 Rfd8 20. Rab1 Rc7 21.
Bf1 c5 22. Bxc4 cxd4 23. Bxa6 Rxc2 24. Bd3 Rxa2 25. exd4 g6 26. Rb7 Bf6 27. Bb1
Ra1 28. Nb3 Bxb3 29. Rxb3 Rxd4 30. Rxd4 Bxd4 31. Kg2 a5 32. Be4 Ra2 33. Rf3 Re2
34. Bd5 Re7 35. h4 Ra7 36. Rf4 Be5 37. Re4 Bd6 38. Bb3 Kg7 39. Rd4 Bb4 40. Rf4
Re7 41. Kf3 Rc7 42. Kg2 Rd7 43. Ba2 Bd2 44. Rf3 h5 45. Bb3 Ra7 46. Rd3 Bb4 47.
Rd4 Rc7 48. Rf4 Bd6 49. Rf3 Be5 50. Re3 Bf6 51. Re4 Rc3 52. Bd5 Rd3 53. Bc4 Rd2
54. Bb3 Bd4 55. Rf4 f5 56. Kf1 Bb6 57. Ba4 Ra2 58. Bb5 Ba7 59. Be8 Bb6 60. Bb5
Rb2 61. Ba4 Rb4 62. Rxb4 axb4 63. Bb3 1/2-1/2

[Event "XXIII Festival Magistrale"]
[Site "Robecchetto con Induno ITA"]
[Date "2012.12.30"]
[Round "6"]
[White "Temi, Walter"]
[Black "Di Chiara, Mauro"]
[Result "1-0"]
[WhiteElo "2105"]
[BlackElo "1962"]
[PlyCount "51"]
[EventDate "2012.12.27"]

1. Nf3 d6 2. e4 Nf6 3. Nc3 g6 4. d4 Bg7 5. h3 O-O 6. Be3 c6 7. Qd2 b5 8. Bd3
Nbd7 9. Bh6 e5 10. Bxg7 Kxg7 11. O-O Qc7 12. a4 b4 13. Ne2 a5 14. Ng3 h6 15.
Rfd1 c5 16. dxe5 dxe5 17. Bb5 Bb7 18. Bxd7 Rfd8 19. Nh4 g5 20. Nhf5+ Kh7 21.
Qd6 Qxd6 22. Rxd6 Nxe4 23. Rxh6+ Kg8 24. Ne7+ Kf8 25. Ngf5 f6 26. Be6 1-0